00977nam a2200205Ia 4500003000900000008004100009020001800050040001600068080002300084111013400107245030100241260004200542300002300584650004100607650002300648650002000671700002300691700002700714700003000741IN-BaIIA211028s9999 xx 000 0 eng d a90-277-2326-5 cIIA Library a52(082.1)bASS-128 aColloquium of the International Astronomical Union on Hydrogen Deficient Stars and Related Objectsn87thcMysored1985 Nov. 10-15 0aHydrogen deficient Stars and Related objectsbproceedings of the 87th colloquium of the IAU on hydrogen deficient Stars and Related objects, held in Mysore, India, 10-15 November 1985cedited by Kurt Hunger, Detlef Schonberner and N. Kameswara Rao  aDordrechtbD. Reidel Publishingc1986 a[various pagings.] aAstronomy and Astrophysics thesaurus aHydrogen deficient aMetal abundance aHunger, Kurt., ed. aKameswara Rao, N., ed. aSchonberner, Detlef., ed.